000
00290nam a22001097a 4500
040
_c
SK
082
_a
323
100
_a
វង្ស អែមសំអាន
245
_a
សង្គមវិទ្យាមូលដ្ឋាន
260
_a
Phnom Penh
_b
វង្ស
_c
2005
942
_c
KB
999
_c
8410
_d
8410